Normal view
MARC view
- صعوبات التعلم-الكشف المبكر
Entry Topical Term
001 - CONTROL NUMBER
- control field: 62590
003 - CONTROL NUMBER IDENTIFIER
- control field: JO-AjAnu
005 - DATE AND TIME OF LATEST TRANSACTION
- control field: 20230606084225.0
008 - FIXED-LENGTH DATA ELEMENTS
- fixed length control field: 230606|| aca||aabn | a|a d
040 ## - CATALOGING SOURCE
- Original cataloging agency: JO-AjAnu
- Transcribing agency: JO-AjAnu
150 ## - HEADING--TOPICAL TERM
- Topical term or geographic name entry element: صعوبات التعلم-الكشف المبكر
670 ## - SOURCE DATA FOUND
- Source citation: Work cat.: (JO-AjAnu)31917: اعداد ابو حامد، هيا لافي محمد؛ اشراف فيصل عيسى نواصرة, author 62589, اثر برنامج ارشادي سلوكي معرفي في زيادة وعي الاهل في الكشف المبكر عن حالات صعوبات التعلم في محافظة اربد = The Effect of a Family Cognitive Behavioral Counseling Program on Raising Parents Awareness in Early Detection of Learning Disabilities in Irbid Gover